| 000 | 00571nam a2200205 a 4500 | ||
|---|---|---|---|
| 005 | 20250307063818.0 | ||
| 008 | 020213s2000 r 000 0 eng d | ||
| 020 | _a8474905737 | ||
| 035 | _aUPN01000116142 | ||
| 049 | _aCG | ||
| 050 | 4 |
_aBF441 _bG8.68 |
|
| 100 | 1 |
_aGuitton, Jean, _d1901-1998. |
|
| 245 | 1 | 0 |
_aNuevo arte de pensar / _cJean Guitton ; tr. Ma. Leonor Quesada. |
| 260 |
_aMadrid : _bEncuentro, _cc2000. |
||
| 300 | _a135 p. | ||
| 440 | 0 |
_aSophia ; _v1 |
|
| 534 |
_pTraducción de: _tNouvel art de penser |
||
| 650 | 4 |
_aPensamiento _95399 |
|
| 905 | _aLibro | ||
| 999 |
_c88942 _d88942 |
||